01535cam a2200289 a 4500999001500000001000900015003000600024005001700030008004100047010001300088020001500101020001800116020001500134035002000149040003900169050002200208082001900230100002000249245011300269260005200382300002000434504005500454505057100509650003301080942001201113952012001125 c3401d340141448183OCoLC20181112134445.0990114s1998 miu b 000 0 eng  a99162015 a0825431654 a9780825431654 a8173622248 a(OCoLC)41448183 aDLCcDLCdBAKERdBTCTAdPGCdYDXCP00aBT21.2b.L88 199800a273221bL975D1 aLutzer, Erwin W14aThe doctrines that divide :ba fresh look at the historic doctrines that separate Christians /cErwin Lutzer aGrand Rapids, MI :bKregel Publications,cc1998 a247 p. ;c22 cm aIncludes bibliographical references (p. [245]-247)0 aIntroduction : why these controversies? -- Is Christ truly God? -- Is Christ truly man? -- Was Mary the mother of God? -- Was Peter the first pope? -- Justification : by faith, sacraments, or both? -- Why can't we agree about the Lord's Supper? -- Why can't we agree about baptism? -- How many books are in the Bible? -- Predestination or free will : Augustine v. Pelagius -- Predestination or free will : Luther v. Erasmus -- Predestination or free will : Calvin v. Arminius -- Predestination or free will : Whitefield vs. Wesley -- Can a saver person ever be lost? 0aTheology, DoctrinalxHistory 2ddccBK 00102ddc40708NFICaHMCbHMCcGENd2018-11-12g250.00l0o273 L975Dp003962r2018-11-12 00:00:00w2018-11-12yBK